|
|
|
|
| LEADER |
00000nam0a2200000 4500 |
| 001 |
165033 |
| 005 |
20231101222527.0 |
| 035 |
|
|
|a (RuTPU)RU\TPU\book\179044
|
| 035 |
|
|
|a RU\TPU\book\178299
|
| 090 |
|
|
|a 165033
|
| 100 |
|
|
|a 20090914d1983 m y0rusy50 ca
|
| 101 |
1 |
|
|a rus
|c eng
|
| 102 |
|
|
|a RU
|
| 105 |
|
|
|a y z 000ay
|
| 200 |
1 |
|
|a Собрание сочинений
|e в 8 т.
|e пер. с англ.
|f Дж. Голсуорси
|g под ред. Г. В. Аникина и др.
|
| 210 |
|
|
|a Москва
|c Художественная литература
|d 1983-
|
| 675 |
|
|
|a 82
|v 3
|
| 700 |
|
1 |
|a Голсуорси
|b Дж.
|c английский писатель
|f 1867-1933
|g Джон
|2 stltpush
|3 (RuTPU)RU\TPU\pers\12183
|9 3218
|
| 702 |
|
1 |
|a Аникин
|b Г. В.
|g Геннадий Викторович
|4 340
|
| 702 |
|
1 |
|a Злобин
|b Г. П.
|4 340
|
| 702 |
|
1 |
|a Лорие
|b М. Ф.
|4 340
|
| 801 |
|
1 |
|a RU
|b 63413507
|c 20090904
|
| 801 |
|
2 |
|a RU
|b 63413507
|c 20090914
|g RCR
|
| 942 |
|
|
|c BK
|